[Event "NB2 Toth Laszlo csoport"]
[Site "Mako"]
[Date "2024.11.03"]
[Round "1.11"]
[White "Markovic, Djordje"]
[Black "Szalai, Anita"]
[Result "0-1"]
[WhiteElo "1819"]
[BlackElo "1664"]
[PlyCount "58"]
[EventDate "2024.11.03"]
[EventType "team-tourn"]
[EventRounds "9"]
[EventCountry "HUN"]
[Source "chess.hu"]
[SourceDate "2024.11.04"]
[WhiteTeam "Morahalom"]
[BlackTeam "Duocor-Makoi SVSE II"]
[WhiteTeamCountry "HUN"]
[BlackTeamCountry "HUN"]

1. e4 e5 2. Nf3 d6 3. d4 exd4 4. Nxd4 Nf6 5. Nc3 Be7 6. Be2 O-O 7. Be3 Re8 8.
Qd2 c6 9. O-O-O b5 10. f3 b4 11. Nb1 c5 12. Nb5 Be6 13. Nxd6 Bxd6 14. Qxd6 Nbd7
15. Bb5 Rb8 16. Bxd7 Nxd7 17. h4 Qa5 18. h5 Qxa2 19. h6 g6 20. Bxc5 a5 21. Qd4
f6 22. Bd6 Rbc8 23. f4 Rc4 24. Qd3 Rec8 25. Rd2 Nb6 26. b3 Rc3 27. Nxc3 Rxc3
28. Rdd1 Rxd3 29. Rxd3 Qa1+ 0-1

[Event "NB2 Toth Laszlo csoport"]
[Site "Mako"]
[Date "2024.11.03"]
[Round "1.12"]
[White "Kralik, Attila"]
[Black "Knezi, Alex"]
[Result "0-1"]
[WhiteElo "1757"]
[BlackElo "1721"]
[PlyCount "76"]
[EventDate "2024.11.03"]
[EventType "team-tourn"]
[EventRounds "9"]
[EventCountry "HUN"]
[Source "chess.hu"]
[SourceDate "2024.11.04"]
[WhiteTeam "Duocor-Makoi SVSE II"]
[BlackTeam "Morahalom"]
[WhiteTeamCountry "HUN"]
[BlackTeamCountry "HUN"]

1. c4 Nf6 2. Nc3 c5 3. g3 d5 4. cxd5 Nxd5 5. Bg2 Nc7 6. Qb3 Nc6 7. Nf3 e5 8. d3
Rb8 9. O-O Be6 10. Qd1 Be7 11. b3 O-O 12. Ba3 Qd6 13. Re1 f6 14. Ne4 b6 15. h4
f5 16. Neg5 f4 17. Nxe6 Qxe6 18. Kh2 Bd6 19. Bh3 Qe7 20. g4 Nd4 21. g5 Ncb5 22.
Bb2 e4 23. dxe4 Qxe4 24. Bg4 Nc2 25. Qd3 Qxd3 26. exd3 Nxa1 27. Bxa1 Rfe8 28.
Rxe8+ Rxe8 29. Bd7 Re2 30. Kg2 Rxa2 31. Be6+ Kf8 32. Bc4 Na3 33. Bc3 Nxc4 34.
bxc4 Ra3 35. Be5 Rxd3 36. Bxd6+ Rxd6 37. Ne5 Rd4 38. Kf3 a5 0-1

[Event "NB2 Toth Laszlo csoport"]
[Site "Kiskunfelegyhaza"]
[Date "2024.11.03"]
[Round "1.1"]
[White "Zalai, Mihaly Dr"]
[Black "Udvardi, Zalan"]
[Result "1-0"]
[WhiteElo "2044"]
[BlackElo "2254"]
[PlyCount "111"]
[EventDate "2024.11.03"]
[EventType "team-tourn"]
[EventRounds "9"]
[EventCountry "HUN"]
[Source "chess.hu"]
[SourceDate "2024.11.04"]
[WhiteTeam "Oroshazi SE"]
[BlackTeam "Felegyhaza-Csongrad"]
[WhiteTeamCountry "HUN"]
[BlackTeamCountry "HUN"]

1. d4 d5 2. Nf3 Nf6 3. Bf4 e6 4. e3 c5 5. c3 Bd6 6. Bg3 Qc7 7. Nbd2 Nbd7 8. Bd3
O-O 9. O-O Bxg3 10. hxg3 e5 11. dxe5 Nxe5 12. Nxe5 Qxe5 13. Re1 Bg4 14. Qc2
Rfe8 15. e4 Rad8 16. f3 c4 17. Be2 dxe4 18. fxg4 Qc5+ 19. Kh1 Qf2 20. Nf1 Nxg4
21. Rad1 Ne5 22. Rxd8 Rxd8 23. Rd1 Rxd1 24. Qxd1 Nd3 25. Qd2 Qc5 26. Qe3 Qa5
27. Bxd3 Qh5+ 28. Kg1 cxd3 29. Qxe4 Qe2 30. Nd2 Qd1+ 31. Kh2 Qh5+ 32. Qh4 Qd5
33. Qd4 Qh5+ 34. Kg1 Qd1+ 35. Nf1 h6 36. Qxa7 Qc2 37. Qf2 b5 38. Qd2 f5 39. Kf2
g5 40. Ke3 Qb1 41. Qxd3 Qxb2 42. Qd5+ Kg7 43. Nd2 Qxc3+ 44. Kf2 Qc2 45. Ke1 b4
46. Ke2 Qb2 47. Qxf5 Qxa2 48. Qe5+ Kf7 49. Qc7+ Kf6 50. Qd6+ Kf5 51. Qxb4 h5
52. Qb3 Qa7 53. Qd3+ Kf6 54. Ne4+ Kf5 55. Qd5+ Kg4 56. Qxg5# 1-0

[Event "NB2 Toth Laszlo csoport"]
[Site "Kiskunfelegyhaza"]
[Date "2024.11.03"]
[Round "1.2"]
[White "Pacal, Mihaly"]
[Black "Gyori, Szabolcs"]
[Result "1/2-1/2"]
[WhiteElo "2098"]
[BlackElo "2093"]
[PlyCount "23"]
[EventDate "2024.11.03"]
[EventType "team-tourn"]
[EventRounds "9"]
[EventCountry "HUN"]
[Source "chess.hu"]
[SourceDate "2024.11.04"]
[WhiteTeam "Felegyhaza-Csongrad"]
[BlackTeam "Oroshazi SE"]
[WhiteTeamCountry "HUN"]
[BlackTeamCountry "HUN"]

1. e4 e6 2. d4 d5 3. e5 c5 4. dxc5 Nc6 5. Nf3 Bxc5 6. Bd3 Qc7 7. Bf4 Nge7 8.
O-O Ng6 9. Bxg6 hxg6 10. Bg3 Ne7 11. Nbd2 b6 12. c3 1/2-1/2

[Event "NB2 Toth Laszlo csoport"]
[Site "Kiskunfelegyhaza"]
[Date "2024.11.03"]
[Round "1.3"]
[White "Kunos, Zoltan"]
[Black "Kemeny, Csaba"]
[Result "1/2-1/2"]
[WhiteElo "2029"]
[BlackElo "2077"]
[PlyCount "45"]
[EventDate "2024.11.03"]
[EventType "team-tourn"]
[EventRounds "9"]
[EventCountry "HUN"]
[Source "chess.hu"]
[SourceDate "2024.11.04"]
[WhiteTeam "Oroshazi SE"]
[BlackTeam "Felegyhaza-Csongrad"]
[WhiteTeamCountry "HUN"]
[BlackTeamCountry "HUN"]

1. d4 d5 2. Nf3 Nf6 3. Bf4 e6 4. e3 Bd6 5. Bg5 O-O 6. Nbd2 Nbd7 7. Be2 e5 8. e4
dxe4 9. Nxe4 Be7 10. Nxf6+ Bxf6 11. Bxf6 Qxf6 12. O-O exd4 13. Qxd4 c5 14. Qxf6
Nxf6 15. Bd3 Re8 16. Rfe1 Bg4 17. Ne5 Be6 18. a3 a6 19. Rad1 Rad8 20. Bc4 Bxc4
21. Nxc4 Rxe1+ 22. Rxe1 b5 23. Ne3 1/2-1/2

[Event "NB2 Toth Laszlo csoport"]
[Site "Kiskunfelegyhaza"]
[Date "2024.11.03"]
[Round "1.4"]
[White "Vilagos, Nandor"]
[Black "Kakuk, Sandor"]
[Result "1/2-1/2"]
[WhiteElo "2039"]
[BlackElo "2017"]
[PlyCount "98"]
[EventDate "2024.11.03"]
[EventType "team-tourn"]
[EventRounds "9"]
[EventCountry "HUN"]
[Source "chess.hu"]
[SourceDate "2024.11.04"]
[WhiteTeam "Felegyhaza-Csongrad"]
[BlackTeam "Oroshazi SE"]
[WhiteTeamCountry "HUN"]
[BlackTeamCountry "HUN"]

1. e4 c5 2. Nc3 e6 3. g3 Nc6 4. Bg2 Nf6 5. f4 d5 6. e5 Nd7 7. Nf3 Be7 8. O-O
O-O 9. Kh1 a6 10. a4 b6 11. b3 Bb7 12. Bb2 d4 13. Ne4 Nb4 14. d3 b5 15. Qe2 Nd5
16. axb5 Ne3 17. Rfe1 Nxg2 18. Kxg2 axb5 19. Rxa8 Qxa8 20. Ra1 Qc8 21. h3 Qc6
22. Kh2 Ra8 23. Rxa8+ Bxa8 24. g4 Nb6 25. Bc1 Qd5 26. Bd2 c4 27. bxc4 bxc4 28.
Be1 Na4 29. Qf2 cxd3 30. cxd3 Nc5 31. Nxc5 Bxc5 32. Kg3 h6 33. Qe2 Bc6 34. Bd2
Qa2 35. Kf2 Qb1 36. Ne1 Be7 37. Kg3 Qa2 38. Qf2 Bc5 39. Be3 Qa1 40. Bd2 Qd1 41.
Ba5 Bb5 42. Qf3 Qb1 43. Qa8+ Bf8 44. Qe4 Bb4 45. Bxb4 Qxb4 46. Nf3 Qb1 47. Qxd4
Bxd3 48. Qe3 Bb5 49. Nd4 Bd3 1/2-1/2

[Event "NB2 Toth Laszlo csoport"]
[Site "Kiskunfelegyhaza"]
[Date "2024.11.03"]
[Round "1.5"]
[White "Bacsi, Kristof"]
[Black "Varadi, Laszlo"]
[Result "1/2-1/2"]
[WhiteElo "1936"]
[BlackElo "1970"]
[PlyCount "65"]
[EventDate "2024.11.03"]
[EventType "team-tourn"]
[EventRounds "9"]
[EventCountry "HUN"]
[Source "chess.hu"]
[SourceDate "2024.11.04"]
[WhiteTeam "Oroshazi SE"]
[BlackTeam "Felegyhaza-Csongrad"]
[WhiteTeamCountry "HUN"]
[BlackTeamCountry "HUN"]

1. d4 Nf6 2. Nf3 g6 3. c4 Bg7 4. Nc3 d5 5. cxd5 Nxd5 6. e4 Nxc3 7. bxc3 O-O 8.
Be3 c5 9. Qd2 Qa5 10. Rb1 cxd4 11. cxd4 Qxd2+ 12. Nxd2 b6 13. Bc4 e6 14. d5 Ba6
15. dxe6 Bxc4 16. Nxc4 fxe6 17. Ke2 Nc6 18. Rhd1 Rad8 19. Rxd8 Rxd8 20. Rd1
Rxd1 21. Kxd1 Kf7 22. a4 Bd4 23. Ke2 Kf6 24. Kd3 Bxe3 25. Nxe3 a6 26. f4 b5 27.
axb5 axb5 28. g4 h6 29. h4 Kf7 30. f5 exf5 31. exf5 gxf5 32. Nxf5 Ne5+ 33. Ke4
1/2-1/2

[Event "NB2 Toth Laszlo csoport"]
[Site "Kiskunfelegyhaza"]
[Date "2024.11.03"]
[Round "1.6"]
[White "Karsai, Istvan"]
[Black "Monus, Zoltan"]
[Result "1/2-1/2"]
[WhiteElo "1985"]
[BlackElo "1933"]
[PlyCount "49"]
[EventDate "2024.11.03"]
[EventType "team-tourn"]
[EventRounds "9"]
[EventCountry "HUN"]
[Source "chess.hu"]
[SourceDate "2024.11.04"]
[WhiteTeam "Felegyhaza-Csongrad"]
[BlackTeam "Oroshazi SE"]
[WhiteTeamCountry "HUN"]
[BlackTeamCountry "HUN"]

1. Nf3 d6 2. d4 Bg4 3. Nbd2 Nd7 4. c3 c6 5. Qb3 Qb6 6. Nc4 Qc7 7. Bf4 Ngf6 8.
Ne3 Bxf3 9. exf3 e5 10. Bg3 exd4 11. cxd4 Qa5+ 12. Qc3 Qxc3+ 13. bxc3 Nh5 14.
Bd3 Nxg3 15. hxg3 g6 16. f4 O-O-O 17. Kd2 Bg7 18. Rab1 d5 19. a4 Kc7 20. g4 Nf6
21. f3 c5 22. Rb5 b6 23. dxc5 d4 24. cxb6+ axb6 25. cxd4 1/2-1/2

[Event "NB2 Toth Laszlo csoport"]
[Site "Kiskunfelegyhaza"]
[Date "2024.11.03"]
[Round "1.7"]
[White "Kerekes, Zsolt"]
[Black "Nagy, Jozsef"]
[Result "1/2-1/2"]
[WhiteElo "1957"]
[BlackElo "1890"]
[PlyCount "54"]
[EventDate "2024.11.03"]
[EventType "team-tourn"]
[EventRounds "9"]
[EventCountry "HUN"]
[Source "chess.hu"]
[SourceDate "2024.11.04"]
[WhiteTeam "Oroshazi SE"]
[BlackTeam "Felegyhaza-Csongrad"]
[WhiteTeamCountry "HUN"]
[BlackTeamCountry "HUN"]

1. e4 c6 2. d4 d5 3. exd5 cxd5 4. Nf3 Nf6 5. Bb5+ Bd7 6. Bxd7+ Nbxd7 7. O-O Qb6
8. c3 e6 9. Qb3 Bd6 10. Bg5 Ne4 11. Bh4 O-O 12. Nbd2 Nxd2 13. Nxd2 Qc7 14. Bg3
Bxg3 15. hxg3 Rfc8 16. Rac1 Nb6 17. a3 Nc4 18. Nxc4 dxc4 19. Qc2 Qc6 20. Rfe1
Rd8 21. Re5 Rd5 22. Rce1 Rad8 23. Qe4 g6 24. g4 Qb5 25. Re2 Rxe5 26. Qxe5 Qxe5
27. Rxe5 Rd5 1/2-1/2

[Event "NB2 Toth Laszlo csoport"]
[Site "Kiskunfelegyhaza"]
[Date "2024.11.03"]
[Round "1.8"]
[White "Hideg, Istvan Benjamin"]
[Black "Kulcsar, Jozsef"]
[Result "1/2-1/2"]
[WhiteElo "1887"]
[BlackElo "1983"]
[PlyCount "23"]
[EventDate "2024.11.03"]
[EventType "team-tourn"]
[EventRounds "9"]
[EventCountry "HUN"]
[Source "chess.hu"]
[SourceDate "2024.11.04"]
[WhiteTeam "Felegyhaza-Csongrad"]
[BlackTeam "Oroshazi SE"]
[WhiteTeamCountry "HUN"]
[BlackTeamCountry "HUN"]

1. e4 c6 2. d4 d5 3. e5 Bf5 4. Nc3 e6 5. g4 Bg6 6. Nge2 Bb4 7. h4 h6 8. Nf4 Be4
9. f3 Bh7 10. Bd3 Bxd3 11. Qxd3 Nd7 12. Be3 1/2-1/2

[Event "NB2 Toth Laszlo csoport"]
[Site "Kiskunfelegyhaza"]
[Date "2024.11.03"]
[Round "1.9"]
[White "Berta, Gergely"]
[Black "Hideg, Ferenc Bendeguz"]
[Result "1/2-1/2"]
[WhiteElo "1983"]
[BlackElo "1874"]
[PlyCount "113"]
[EventDate "2024.11.03"]
[EventType "team-tourn"]
[EventRounds "9"]
[EventCountry "HUN"]
[Source "chess.hu"]
[SourceDate "2024.11.04"]
[WhiteTeam "Oroshazi SE"]
[BlackTeam "Felegyhaza-Csongrad"]
[WhiteTeamCountry "HUN"]
[BlackTeamCountry "HUN"]

1. e4 e6 2. d4 d5 3. Nd2 c5 4. exd5 exd5 5. c3 cxd4 6. cxd4 Bd6 7. Bd3 Nc6 8.
Ngf3 Qe7+ 9. Qe2 Qxe2+ 10. Bxe2 Nge7 11. O-O O-O 12. Nb3 f6 13. Bd2 Re8 14. a3
Bg4 15. h3 Bf5 16. Rac1 Rac8 17. Nh4 Rc7 18. Rfe1 Bc8 19. Bd3 g6 20. g4 Kf7 21.
Ng2 Nd8 22. Bb5 Nec6 23. Rxe8 Kxe8 24. Nf4 Bxf4 25. Bxf4 Re7 26. Bd6 Re6 27.
Bf4 a6 28. Bf1 Ne7 29. Nc5 Rc6 30. b4 b6 31. Nxa6 Rxc1 32. Bxc1 Bxa6 33. Bxa6
Ne6 34. Bb5+ Kd8 35. Be3 Kc7 36. Be8 Nc6 37. Bxc6 Kxc6 38. a4 b5 39. a5 Nc7 40.
Kf1 Na6 41. Bd2 Kd7 42. Ke2 Ke6 43. Kd3 Kf7 44. Kc3 g5 45. f3 Kg6 46. Be1 Nb8
47. Bg3 Na6 48. Bd6 Kf7 49. Kd3 Kg6 50. Ke3 Kf7 51. f4 Kg6 52. Kf3 Kf7 53. h4
h6 54. Kg3 Kg7 55. Be7 Kg6 56. Bf8 Nb8 57. h5+ 1/2-1/2

[Event "NB2 Toth Laszlo csoport"]
[Site "Kiskunfelegyhaza"]
[Date "2024.11.03"]
[Round "1.10"]
[White "Huszar, Adam Janos"]
[Black "Bogdany, Gabor"]
[Result "1/2-1/2"]
[WhiteElo "1820"]
[BlackElo "1938"]
[PlyCount "85"]
[EventDate "2024.11.03"]
[EventType "team-tourn"]
[EventRounds "9"]
[EventCountry "HUN"]
[Source "chess.hu"]
[SourceDate "2024.11.04"]
[WhiteTeam "Felegyhaza-Csongrad"]
[BlackTeam "Oroshazi SE"]
[WhiteTeamCountry "HUN"]
[BlackTeamCountry "HUN"]

1. e4 d6 2. d4 Nf6 3. Nc3 g6 4. Be2 Bg7 5. Be3 c6 6. h3 O-O 7. Nf3 b5 8. a3
Nbd7 9. Qd2 Nb6 10. Bh6 a5 11. Bxg7 Kxg7 12. Bd3 b4 13. Ne2 c5 14. c3 Bb7 15.
Ng3 bxc3 16. bxc3 cxd4 17. cxd4 d5 18. e5 Ne4 19. Qf4 Nxg3 20. fxg3 Ba6 21.
Bxa6 Rxa6 22. O-O Nc4 23. Nd2 Rc6 24. Nxc4 Rxc4 25. Rf3 Qb6 26. Rd1 Qb2 27. g4
Rc2 28. Rg3 Rc3 29. Rxc3 Qxc3 30. Qf3 Qxf3 31. gxf3 Rb8 32. Rd3 a4 33. Kf2 h5
34. Ke2 hxg4 35. fxg4 Rb2+ 36. Rd2 Rb3 37. Rd3 Rb2+ 38. Rd2 Rb3 39. Rd3 f5 40.
exf6+ exf6 41. Rf3 Rb2+ 42. Ke3 Rb3+ 43. Ke2 1/2-1/2

[Event "NB2 Toth Laszlo csoport"]
[Site "Kiskunfelegyhaza"]
[Date "2024.11.03"]
[Round "1.12"]
[White "Kovacs, Reka Cs"]
[Black "Safran, Istvan"]
[Result "0-1"]
[WhiteElo "1466"]
[BlackElo "1862"]
[PlyCount "112"]
[EventDate "2024.11.03"]
[EventType "team-tourn"]
[EventRounds "9"]
[EventCountry "HUN"]
[Source "chess.hu"]
[SourceDate "2024.11.04"]
[WhiteTeam "Felegyhaza-Csongrad"]
[BlackTeam "Oroshazi SE"]
[WhiteTeamCountry "HUN"]
[BlackTeamCountry "HUN"]

1. d4 d5 2. Bf4 Nd7 3. e3 Ngf6 4. c4 e6 5. Bd3 c5 6. cxd5 Nxd5 7. Bg3 cxd4 8.
e4 Nb4 9. Nf3 e5 10. Bxe5 Nxd3+ 11. Qxd3 Nxe5 12. Nxe5 Qa5+ 13. Nd2 Qxe5 14.
Nf3 Qa5+ 15. Nd2 Bb4 16. Rd1 Bxd2+ 17. Rxd2 Be6 18. a3 Rd8 19. O-O O-O 20. Rc1
Rc8 21. Rcd1 Rfd8 22. h3 b5 23. Qg3 Rc1 24. Kh2 Rxd1 25. Rxd1 Qb6 26. e5 Qc5
27. Kh1 h6 28. Qh4 Rd7 29. Qh5 Qc2 30. Qf3 Kh7 31. b4 g6 32. Re1 d3 33. Rd1 d2
34. Qe2 Qxd1+ 35. Qxd1 Bb3 36. Qxb3 d1=Q+ 37. Qxd1 Rxd1+ 38. Kh2 Ra1 39. Kg3
Rxa3+ 40. f3 Rb3 41. h4 Rxb4 42. f4 h5 43. Kf3 a5 44. Ke3 a4 45. Kf3 a3 46. g3
a2 47. g4 Rb3+ 48. Ke4 hxg4 49. Kd5 a1=Q 50. Kc5 Qd1 51. Kb6 Qc2 52. Kb7 Ra3
53. Kb6 b4 54. Kb5 b3 55. Kb6 b2 56. Kb5 b1=R# 0-1

[Event "NB2 Toth Laszlo csoport"]
[Site "Kecskemet"]
[Date "2024.11.03"]
[Round "1.1"]
[White "Samu, Gabor Jr"]
[Black "Czegledi, Zsolt"]
[Result "1/2-1/2"]
[WhiteElo "2310"]
[BlackElo "2141"]
[PlyCount "60"]
[EventDate "2024.11.03"]
[EventType "team-tourn"]
[EventRounds "9"]
[EventCountry "HUN"]
[Source "chess.hu"]
[SourceDate "2024.11.04"]
[WhiteTeam "Bekesi TE"]
[BlackTeam "Neumann J. Egyetem"]
[WhiteTeamCountry "HUN"]
[BlackTeamCountry "HUN"]

1. d4 d5 2. c4 e6 3. Nc3 Nf6 4. Nf3 Be7 5. Bg5 h6 6. Bh4 O-O 7. e3 b6 8. cxd5
Nxd5 9. Bxe7 Qxe7 10. Nxd5 exd5 11. Be2 Qb4+ 12. Qd2 Qxd2+ 13. Kxd2 Bg4 14. Ne5
Bxe2 15. Kxe2 f6 16. Ng6 Re8 17. Rhc1 Kf7 18. Nf4 c6 19. Rc3 a5 20. Rac1 Rd8
21. h4 g5 22. Nd3 Ke6 23. Rb3 Ra6 24. f3 Kd6 25. hxg5 hxg5 26. Rh1 Nd7 27. Rh6
Re8 28. Rh7 Raa8 29. Nf2 Rh8 30. Rxh8 Rxh8 1/2-1/2

[Event "NB2 Toth Laszlo csoport"]
[Site "Kecskemet"]
[Date "2024.11.03"]
[Round "1.2"]
[White "Csvila, Gabor"]
[Black "Varga, Tamas"]
[Result "0-1"]
[WhiteElo "2147"]
[BlackElo "2145"]
[PlyCount "74"]
[EventDate "2024.11.03"]
[EventType "team-tourn"]
[EventRounds "9"]
[EventCountry "HUN"]
[Source "chess.hu"]
[SourceDate "2024.11.04"]
[WhiteTeam "Neumann J. Egyetem"]
[BlackTeam "Bekesi TE"]
[WhiteTeamCountry "HUN"]
[BlackTeamCountry "HUN"]

1. d4 e6 2. c4 b6 3. Nc3 Bb4 4. Qb3 Bxc3+ 5. Qxc3 f5 6. Bf4 Nf6 7. f3 Bb7 8. e3
d6 9. Bd3 Nbd7 10. Ne2 Qe7 11. Bg3 g6 12. O-O h5 13. Bh4 Qg7 14. Nf4 Nf8 15.
Bg5 N6h7 16. Nh3 Nxg5 17. Nxg5 Qf6 18. h4 Nh7 19. f4 Nxg5 20. fxg5 Qg7 21. b4
O-O 22. c5 Rae8 23. c6 Bc8 24. Bc4 Kh7 25. Rae1 d5 26. Bd3 Qe7 27. a3 Qd6 28.
Qc2 e5 29. b5 exd4 30. exd4 Qg3 31. Rxe8 Rxe8 32. Qb3 Qe3+ 33. Kh1 Qxd4 34. g3
Re3 35. Rd1 Rxg3 36. Qb4 Qe3 37. Be4 Rg1+ 0-1

[Event "NB2 Toth Laszlo csoport"]
[Site "Kecskemet"]
[Date "2024.11.03"]
[Round "1.3"]
[White "Szasz, Janos"]
[Black "Abel, Lajos"]
[Result "1/2-1/2"]
[WhiteElo "2057"]
[BlackElo "2187"]
[PlyCount "65"]
[EventDate "2024.11.03"]
[EventType "team-tourn"]
[EventRounds "9"]
[EventCountry "HUN"]
[Source "chess.hu"]
[SourceDate "2024.11.04"]
[WhiteTeam "Bekesi TE"]
[BlackTeam "Neumann J. Egyetem"]
[WhiteTeamCountry "HUN"]
[BlackTeamCountry "HUN"]

1. d4 Nf6 2. Nf3 c5 3. e3 e6 4. Be2 b6 5. O-O Bb7 6. b3 Be7 7. Bb2 Qc7 8. c4 a6
9. Nc3 d6 10. Qc2 Nbd7 11. Rad1 O-O 12. d5 exd5 13. Nxd5 Bxd5 14. cxd5 b5 15.
e4 Nb6 16. Nd4 Nc4 17. bxc4 cxd4 18. Bxd4 bxc4 19. Bxf6 Bxf6 20. Qxc4 Qa5 21.
Bg4 Rab8 22. Rb1 g6 23. Bd7 Rfd8 24. Bc6 h5 25. g3 h4 26. Kg2 Kg7 27. Qe2 Qa3
28. Rfd1 Rh8 29. Bd7 a5 30. Rd3 Qc5 31. Rxb8 Rxb8 32. Rb3 Rb4 33. Rxb4 1/2-1/2

[Event "NB2 Toth Laszlo csoport"]
[Site "Kecskemet"]
[Date "2024.11.03"]
[Round "1.4"]
[White "Szekeres, Janos"]
[Black "Visnyei, Illes"]
[Result "1-0"]
[WhiteElo "2008"]
[BlackElo "2000"]
[PlyCount "167"]
[EventDate "2024.11.03"]
[EventType "team-tourn"]
[EventRounds "9"]
[EventCountry "HUN"]
[Source "chess.hu"]
[SourceDate "2024.11.04"]
[WhiteTeam "Neumann J. Egyetem"]
[BlackTeam "Bekesi TE"]
[WhiteTeamCountry "HUN"]
[BlackTeamCountry "HUN"]

1. e4 c5 2. Nf3 Nc6 3. c3 g6 4. d4 cxd4 5. cxd4 d5 6. exd5 Qxd5 7. Nc3 Qa5 8.
d5 Nb8 9. Bc4 Bg7 10. Qb3 a6 11. d6 e6 12. O-O Nf6 13. Be3 O-O 14. Bb6 Qh5 15.
Rfe1 Nbd7 16. Bd4 Qa5 17. Rac1 b5 18. Bd3 Bb7 19. Ne5 Rac8 20. Nxd7 Nxd7 21.
Bxg7 Kxg7 22. a3 Qd8 23. Qb4 Qg5 24. Bf1 Rfd8 25. Rcd1 Rc4 26. Qb3 h5 27. Re3
h4 28. g3 hxg3 29. Rxg3 Rg4 30. Bg2 Rxg3 31. hxg3 Bxg2 32. Kxg2 Qc5 33. Ne4 Qc6
34. f3 a5 35. Qe3 f6 36. Rc1 Qd5 37. Rh1 g5 38. Rc1 Kg6 39. Qe2 b4 40. Rd1 Qc6
41. axb4 axb4 42. Rd4 b3 43. Nd2 Nc5 44. Nxb3 Nxb3 45. Qd3+ f5 46. Qxb3 Rxd6
47. Rxd6 Qxd6 48. Qc3 Qd1 49. Kf2 Qh1 50. Qe5 Qh2+ 51. Ke3 Kf7 52. b4 Qg1+ 53.
Kd3 Qf1+ 54. Qe2 Qc1 55. b5 Qc5 56. Qb2 Qd5+ 57. Ke3 Qc5+ 58. Ke2 Qe5+ 59. Kf2
Qc5+ 60. Kg2 Qb6 61. Qb4 Qe3 62. b6 Qe2+ 63. Kg1 Qxf3 64. b7 Qxg3+ 65. Kf1 Qb8
66. Qb6 g4 67. Qc6 g3 68. Kg2 Qf4 69. Qf3 Qb8 70. Kh3 Kf6 71. Qc3+ e5 72. Qc8
g2 73. Kxg2 Qd6 74. Qh8+ Kg6 75. Qg8+ Kh5 76. b8=Q Qd2+ 77. Kh1 Qd1+ 78. Kh2
Qd2+ 79. Qg2 Qf4+ 80. Kg1 Qc1+ 81. Qf1 Qe3+ 82. Qf2 Qc1+ 83. Kg2 Qg5+ 84. Kh2
1-0

[Event "NB2 Toth Laszlo csoport"]
[Site "Kecskemet"]
[Date "2024.11.03"]
[Round "1.5"]
[White "Somogyi, Gabor"]
[Black "Andriska, Zsolt"]
[Result "1-0"]
[WhiteElo "1903"]
[BlackElo "2032"]
[PlyCount "139"]
[EventDate "2024.11.03"]
[EventType "team-tourn"]
[EventRounds "9"]
[EventCountry "HUN"]
[Source "chess.hu"]
[SourceDate "2024.11.04"]
[WhiteTeam "Bekesi TE"]
[BlackTeam "Neumann J. Egyetem"]
[WhiteTeamCountry "HUN"]
[BlackTeamCountry "HUN"]

1. d4 d5 2. Bf4 e6 3. e3 Bd6 4. Bxd6 Qxd6 5. c3 f5 6. f4 Nf6 7. Nf3 O-O 8. Bd3
Nbd7 9. Nbd2 Ne4 10. Qe2 a5 11. Ne5 Qe7 12. Ndf3 Ndf6 13. O-O c6 14. Qe1 Bd7
15. Qh4 Rae8 16. Ng5 Nxg5 17. Qxg5 Ne4 18. Qxe7 Rxe7 19. Bxe4 fxe4 20. c4 Rb8
21. Rac1 g6 22. h3 Be8 23. cxd5 exd5 24. b3 Ra8 25. Rc3 Bd7 26. Rc5 Be6 27. Rc2
Ree8 28. Rc5 Ra6 29. Rfc1 Rea8 30. a3 Kg7 31. Kh2 Rb6 32. R1c3 h6 33. g3 Kf6
34. g4 Kg7 35. Kg3 g5 36. f5 Bc8 37. Ng6 h5 38. Ne5 Kf6 39. Kf2 Rba6 40. Rc1
Rb6 41. R1c3 Rba6 42. Rc1 Rb6 43. R1c3 h4 44. Kg2 Raa6 45. Kf2 Ra8 46. Kg2 Ke7
47. Ng6+ Ke8 48. Ne5 Bd7 49. Kf2 Rba6 50. Rc1 Rd8 51. Ke2 Ke7 52. Rf1 Kf6 53.
Kd2 Be8 54. Rfc1 Rda8 55. R1c2 b6 56. Rxc6+ Bxc6 57. Rxc6+ Kg7 58. Rg6+ Kf8 59.
Rxg5 b5 60. Rh5 Kg7 61. g5 b4 62. a4 Rc8 63. f6+ Kg8 64. Ng6 Kf7 65. Ne5+ Kg8
66. Ng6 Rc3 67. Rh8+ Kf7 68. Ne5+ Ke6 69. f7 Ra7 70. f8=Q 1-0

[Event "NB2 Toth Laszlo csoport"]
[Site "Kecskemet"]
[Date "2024.11.03"]
[Round "1.6"]
[White "Csala, Imre"]
[Black "Nagy, Gabor Dr"]
[Result "1-0"]
[WhiteElo "1994"]
[BlackElo "1886"]
[PlyCount "113"]
[EventDate "2024.11.03"]
[EventType "team-tourn"]
[EventRounds "9"]
[EventCountry "HUN"]
[Source "chess.hu"]
[SourceDate "2024.11.04"]
[WhiteTeam "Neumann J. Egyetem"]
[BlackTeam "Bekesi TE"]
[WhiteTeamCountry "HUN"]
[BlackTeamCountry "HUN"]

1. d4 Nf6 2. c4 g6 3. Nc3 Bg7 4. e4 d6 5. Bd3 O-O 6. Nge2 e5 7. O-O exd4 8.
Nxd4 Nc6 9. Nxc6 bxc6 10. Bg5 h6 11. Bh4 g5 12. Bg3 Ng4 13. Qa4 Bd7 14. c5 Be5
15. Bxe5 Nxe5 16. Rad1 Qe7 17. cxd6 cxd6 18. Be2 Rfd8 19. Rd2 Be6 20. Rfd1 Rd7
21. Ba6 Rad8 22. Qb4 Kf8 23. Qd4 f6 24. Be2 d5 25. exd5 Bxd5 26. Qe3 Be6 27.
Rd4 Rxd4 28. Rxd4 Rxd4 29. Qxd4 Qd7 30. Qe3 Bc4 31. Bxc4 Nxc4 32. Qc5+ Nd6 33.
Ne4 Ke7 34. Nxd6 Qxd6 35. Qxa7+ Kf8 36. h3 Qd1+ 37. Kh2 Qc1 38. Qd4 Kg7 39. b4
Qc2 40. a3 Qa2 41. Qd7+ Kg6 42. Qe8+ Kg7 43. Qxc6 Qxf2 44. Qc7+ Kg6 45. b5 f5
46. Qd6+ Kh5 47. Qd1+ g4 48. hxg4+ fxg4 49. Qd5+ Kh4 50. Qd8+ Kh5 51. Qe8+ Kh4
52. Qe7+ Kh5 53. Qe4 Kh4 54. b6 Qg3+ 55. Kh1 Kg5 56. b7 Qb8 57. Qd5+ 1-0

[Event "NB2 Toth Laszlo csoport"]
[Site "Kecskemet"]
[Date "2024.11.03"]
[Round "1.7"]
[White "Vertes, Imre"]
[Black "Kovacs, Gabor"]
[Result "0-1"]
[WhiteElo "1845"]
[BlackElo "1980"]
[PlyCount "84"]
[EventDate "2024.11.03"]
[EventType "team-tourn"]
[EventRounds "9"]
[EventCountry "HUN"]
[Source "chess.hu"]
[SourceDate "2024.11.04"]
[WhiteTeam "Bekesi TE"]
[BlackTeam "Neumann J. Egyetem"]
[WhiteTeamCountry "HUN"]
[BlackTeamCountry "HUN"]

1. e4 c5 2. Nf3 e6 3. d4 cxd4 4. Nxd4 a6 5. Be3 Nf6 6. Nc3 Bb4 7. Bd3 Qc7 8.
O-O d6 9. Nce2 O-O 10. h3 Nbd7 11. g4 d5 12. Ng3 Nc5 13. c3 Nxd3 14. Qxd3 Bd6
15. f4 e5 16. Ndf5 exf4 17. Nxd6 fxe3 18. e5 Ne8 19. Qxd5 Be6 20. Qd4 Rd8 21.
Nge4 Nxd6 22. exd6 Qc6 23. Qxe3 Bd5 24. Rf4 Bxe4 25. Rxe4 Rxd6 26. Re1 h6 27.
Re8 Rd8 28. Rxf8+ Rxf8 29. Re2 Rd8 30. Qe4 Rd1+ 31. Kf2 Qf6+ 32. Kg2 Qf1+ 33.
Kg3 Qg1+ 34. Kh4 Rf1 35. Qd4 Qh1 36. Qd8+ Kh7 37. Qd3+ g6 38. Re3 Qg2 39. Qc4
Rf3 40. Rxf3 Qxf3 41. g5 Qf2+ 42. Kg4 h5# 0-1

[Event "NB2 Toth Laszlo csoport"]
[Site "Kecskemet"]
[Date "2024.11.03"]
[Round "1.8"]
[White "Lovas, Daniel Dr"]
[Black "Gosztolya, Ferenc Dr"]
[Result "1/2-1/2"]
[WhiteElo "2024"]
[BlackElo "1949"]
[PlyCount "43"]
[EventDate "2024.11.03"]
[EventType "team-tourn"]
[EventRounds "9"]
[EventCountry "HUN"]
[Source "chess.hu"]
[SourceDate "2024.11.04"]
[WhiteTeam "Neumann J. Egyetem"]
[BlackTeam "Bekesi TE"]
[WhiteTeamCountry "HUN"]
[BlackTeamCountry "HUN"]

1. c4 Nf6 2. Nf3 b6 3. g3 Bb7 4. Bg2 e6 5. O-O Be7 6. d3 O-O 7. a3 d6 8. Nc3 c5
9. Rb1 d5 10. cxd5 Nxd5 11. Bd2 Nd7 12. Nxd5 Bxd5 13. Bc3 Bf6 14. Qd2 Bxc3 15.
bxc3 Qe7 16. c4 Bc6 17. Qc2 Rac8 18. Ra1 e5 19. Nd2 f5 20. e3 Nf6 21. a4 Rfd8
22. Rfd1 1/2-1/2